MARC
|
|
|
|
| LEADER |
00000nam0a2200000 4500 |
| 001 |
109777 |
| 005 |
20231031120146.0 |
| 010 |
|
|
|a 5235000587
|
| 020 |
|
|
|a RU
|b 88-7547
|
| 035 |
|
|
|a (RuTPU)RU\TPU\book\118542
|
| 090 |
|
|
|a 109777
|
| 100 |
|
|
|a 20070213d1988 m a0rusy5003 ca
|
| 101 |
0 |
|
|a rus
|
| 102 |
|
|
|a RU
|
| 105 |
|
|
|a a z 001zy
|
| 200 |
1 |
|
|a Наш дом
|f сост. Н. Андреев
|
| 210 |
|
|
|a Москва
|c Молодая гвардия
|d 1988
|
| 215 |
|
|
|a 463 с.
|c ил.
|d 20 см
|
| 225 |
1 |
|
|a Библиотека молодой семьи
|
| 610 |
1 |
|
|a домоводство
|
| 610 |
1 |
|
|a Земля
|
| 610 |
1 |
|
|a строительные работы
|
| 610 |
1 |
|
|a стекольные работы
|
| 610 |
1 |
|
|a химия в быту
|
| 610 |
1 |
|
|a одежда
|
| 610 |
1 |
|
|a кухня
|
| 675 |
|
|
|a 64
|z rus
|
| 702 |
|
1 |
|a Андреев
|b Н.
|g Николай
|4 220
|
| 801 |
|
0 |
|a RU
|b RuMRKP
|c 19950417
|g psbo
|
| 801 |
|
1 |
|a RU
|b 63413507
|c 20070213
|g PSBO
|
| 801 |
|
2 |
|a RU
|b 63413507
|c 20081003
|g PSBO
|
| 942 |
|
|
|c BK
|